| 000 | 00626nam a2200181 u 4500 | ||
|---|---|---|---|
| 001 | 000020288 | ||
| 005 | 20200929170341.0 | ||
| 008 | 100813s1959 xx a r 000 0 spa d | ||
| 040 |
_aDO-SdBNP _bspa _cBNPHU |
||
| 082 |
_axxx _bxxxx |
||
| 100 | 1 |
_aCabrera, Lydia _942923 |
|
| 245 | 1 | 0 |
_aLa sociedad secreta Abakuá : _bnarrada por viejos adeptos / _cLydia Cabrera. |
| 260 |
_aMiami, Florida : _bEditorial C. R., _c1959. |
||
| 300 |
_a296 p. : _bil. ; _c26 cm. |
||
| 490 | 1 | _aColección del Chicherekú | |
| 500 | _aIncluye referencias bibliográficas y notas al pie de las páginas | ||
| 830 | 0 |
_aColección del Chicherekú _942924 |
|
| 999 |
_c19792 _d19792 |
||